LEADER 01592nam 2200481 450 001 9910132050803321 005 20230120013459.0 010 $a1-4831-5840-3 010 $a0-08-018876-1 035 $a(CKB)3710000000027038 035 $a(MiAaPQ)EBC4719205 035 $a(EXLCZ)993710000000027038 100 $a20161028e19751973 uy 0 101 0 $aeng 135 $aurcnu|||||||| 181 $2rdacontent 182 $2rdamedia 183 $2rdacarrier 200 14$aThe chemistry of ruthenium, rhodium, pallodium, osmiun, iridium and platinum /$fStanley E. Livingstone 205 $aFirst edition. 210 1$aOxford, England :$cPergamon Press,$d1975. 210 4$dİ1973 215 $a1 online resource (225 pages) $cillustrations, tables 225 1 $aPergamon International Library of Science, Technology, Engineering, and Social Studies 225 0 $aPergamon Texts in Inorganic Chemistry ;$vVolume 25 300 $a"Chapter 43 of Comprehensive Inorganic Chemistry." 300 $aIncludes index. 410 0$aPergamon international library of science, technology, engineering, and social studies. 606 $aRuthenium 606 $aPlatinum 606 $aPalladium 615 0$aRuthenium. 615 0$aPlatinum. 615 0$aPalladium. 676 $a546.632 700 $aLivingstone$b Stanley E.$01274260 801 0$bMiAaPQ 801 1$bMiAaPQ 801 2$bMiAaPQ 906 $aBOOK 912 $a9910132050803321 996 $aThe chemistry of ruthenium, rhodium, pallodium, osmiun, iridium and platinum$93002856 997 $aUNINA